| 000 | 01125nam a2200373 c 4500 | ||
|---|---|---|---|
| 001 | 12296 | ||
| 003 | ES-MaCES | ||
| 005 | 20150929135727.0 | ||
| 008 | 010625m20012001sp d t o000 | spa d | ||
| 017 |
_aM 12387-2001 _bDL |
||
| 020 | _a8495163454 (t. I) | ||
| 020 | _a8495163462 (t. II) | ||
| 020 | _a8495163446 (o.c.) | ||
| 035 | _aCES20010008660m | ||
| 040 |
_aES-MaCES _bspa _cES-MaCES |
||
| 100 | 1 |
_aBarrada Rodríguez, Alfonso _97140 |
|
| 245 | 1 | 3 |
_aLa protección social en España hacia 1845 _cAlfonso Barrada Rodríguez |
| 260 |
_aBilbao _bFundación BBV _c[2001] |
||
| 300 |
_a2 v. (343 ; 569 p.) _bgráf. _c23 cm |
||
| 504 | _aBibliografía: p. 551 | ||
| 541 | _cGratuito | ||
| 650 | 4 |
_aprotección social _929076 |
|
| 650 | 4 |
_arégimen de pensión _927042 |
|
| 650 | 4 |
_aeducación _927367 |
|
| 650 | 4 |
_a1845 _931625 |
|
| 650 | 4 |
_aEspaña _926964 |
|
| 650 | 4 |
_ahistoria _927251 |
|
| 653 | 1 | 0 | _aAsuntos Sociales |
| 650 | 4 |
_927056 _aservicios sociales |
|
| 710 | 2 |
_aFundación BBV _eed. _93765 |
|
| 902 | _aLIB Libro | ||
| 942 |
_2CES _cBK _h3.3. |
||
| 999 |
_c12296 _d12296 |
||